Statistiques concernant Chansons de Blackpink

Cliquez ici pour prendre le quiz!

Statistiques générales

  • Ce quiz a été pris 148 fois
  • Le résultat moyen est 20 sur 32

Statistiques - réponses

Réponse% Correct
15How you like that
83%
4Kill this love
83%
1Boombayah
82%
6Shut Down
82%
7Pink Venom
81%
24Solo
78%
2Whistle
78%
14Playing with fire
76%
22Lalisa
73%
21Money
73%
3Ddu du ddu du
72%
23On the Ground
72%
19Stay
71%
12Ice cream
70%
30As if it's your last
66%
17Crazy over you
62%
8Typa Girl
62%
27Pretty savage
61%
29Forever Young
60%
32Don't know what to do
54%
16Kick It
53%
28Kiss and Make up
53%
11Sour candy
53%
20The happiest girl
53%
13Bet you wanna
47%
18Yeah Yeah Yeah
47%
26Hard to love
44%
9Hope not
42%
5Hope not
42%
10See U later
42%
31Ready for love
39%
25You and me
33%

Distribution des résultats

Percentile par nombre de réponses

% des personnes avec chaque résultat

Votre développement - résultats

Vous n’avez pas pris ce quiz